| 000 | 01071nam a22003497a 4500 | ||
|---|---|---|---|
| 003 | CHAP | ||
| 005 | 20220329143742.0 | ||
| 008 | 110608s1982 mx r 00010 spa d | ||
| 010 | _a101436 | ||
| 011 | _a102408 | ||
| 020 | _a9681615360 | ||
| 035 | _a113096 | ||
| 040 | _cCHAP | ||
| 082 | 0 | 4 |
_a863 _bV44 |
| 100 | 0 | 0 |
_aVasconcelos, José. _9118177 |
| 245 | 1 | 0 |
_aUlises criollo _c/por José Vasconcelos |
| 260 |
_aMéxico, D.F. : _bFCE, _cc1982 |
||
| 300 | _a257 p. | ||
| 490 |
_aLecturas mexicanas _v; 11 |
||
| 500 | _aLa biblioteca tiene : Pte. 1 | ||
| 590 |
_aBATCH-UPD _b10 _c20130110 _lUCH01 _h1603 |
||
| 590 |
_aBATCH-UPD _b10 _c20130410 _lUCH01 _h0959 |
||
| 590 |
_aBATCH-UPD _b10 _c20130914 _lUCH01 _h1718 |
||
| 590 |
_aCONVERSION _b10 _c20130109 _lUCH01 _h1356 |
||
| 650 | 1 | 4 |
_aLecturas y narraciones. _965519 |
| 650 | 1 | 4 |
_aLiteratura mexicana. _967138 |
| 650 | 1 | 4 |
_aNovela histórica. _982021 |
| 830 | 0 |
_aLecturas mexicanas _v; 11 _965512 |
|
| 901 | _aBK | ||
| 942 | _cLIBRO | ||
| 949 |
_a863 V44 _bBC _cLIBRO _d33724002247884 _eLIBRO _fPte. 1 _h115152 _i113096 _so |
||
| 999 |
_c101436 _d101436 |
||